00863cam a2200205 a 450000100100000000500170001000800410002704000180006808200180008610000450010424500740014926000400022330000270026360000620029091000340035204900090038695201210039595201260051699900150064200000716120200929154101.0920605s1988 cu a 001 0 spa  aDO-SdBNPcDLC a927.72bG993D1 aDepestre Catony, Leonardo,d1953-91988410aAdolfo Guzmán :bapuntes y testimonios /cLeonardo Depestre Catony. aSantiago, (Cuba) :bOriente,c1988. a54 p. :bil. ;c19 cm.10aGUZMÁN, ADOLFO,d1943-q(Adolfo Guzmán Arenas)919885 aCatalogación por copia / LC aBNGR 001052708MOaGRbGRcCTd2009-09-04iLF1l0o927.72 G993Dp7161-10r2020-06-25w2020-06-25y2ZPréstamo interno 001053728MOaGRbGRcCTd2009-09-04iLF1l0o927.72 G993Dp7161-20r2020-06-25te.2w2020-06-25y2ZPréstamo interno c6942d6942